Statistics for Name That Band 1

Click here to take the quiz!

General Stats

  • This quiz has been taken 1,311 times
  • The average score is 12 of 25

Answer Stats

Hint Answer % Correct
Rocket Man; Your Song; Tiny DancerElton John
85%
Good Vibrations; Kokomo; Wouldn't It Be Nice?The Beach Boys
73%
Welcome to the Machine; Comfortably Numb; MoneyPink Floyd
71%
By the Way; Other Side; Under the BridgeRed Hot Chili Peppers
70%
Master of Puppets; The Unforgiven; Where Ever I May RoamMetallica
68%
New York State of Mind; The Longest Time; Piano ManBilly Joel
67%
The Sound of Silence; The Boxer; Mrs. RobinsonSimon and Garfunkel
66%
Little Wing; Bold as Love; All Along the WatchtowerJimi Hendrix
64%
Maxwell's Silver Hammer; Here Comes the Sun; SomethingThe Beatles
60%
Over the Hills and Far Away; Black Dog; Dazed and ConfusedLed Zeppelin
56%
Black Hole Sun; Burden in my Hand; Fell on Black DaysSoundgarden
54%
Have You Ever Seen the Rain?; Up Around the Bend; Fortunate SonCCR
53%
All My Life; Everlong; Best of YouFoo Fighters
51%
Why Don't You Get a Job?; Self Esteem; Come Out and Play (Keep'em Separated)The Offspring
46%
Hallowed Be Thy Name; Children of the Damned; The Number of the BeastIron Maiden
46%
Rock N' Roll Suicide; Star Man; The Man Who Sold The WorldDavid Bowie
44%
Dysentary Gary; Adam's Song; DammitBlink 182
41%
Heaven and Hell; Electric Funeral; SnowblindBlack Sabbath
36%
Judy is a Punk; Beat on the Brat; Bonzo goes to BitburgThe Ramones
30%
Cochise; Show Me How To Live; Like a StoneAudioslave
27%
Blurry; She Hates Me; Drift and DiePuddle of Mudd
26%
I Remember You; 18 and Life; Wasted TimeSkid Row
24%
Cemetery Gates; Walk; Revolution is my NamePantera
23%
Hell Rider; Hellion/Electric Eye; Hellbent for LeatherJudas Priest
20%
Debaser; Caribou; Mr. GrievesThe Pixies
12%

Score Distribution

Percentile by Number Answered

Percent of People with Each Score

Your Score History

You have not taken this quiz